[Event "EU-chT U18 3th"]
[Site "Balatonlelle"]
[Date "2002.06.13"]
[Round "1"]
[White "Deruni, Berc"]
[Black "Rau, Hannes"]
[Result "0-1"]
[WhiteElo "2080"]
[BlackElo "2301"]
[PlyCount "93"]
[EventDate "2002.06.12"]
[EventType "team-swiss"]
[EventRounds "7"]
[EventCountry "HUN"]
[SourceTitle "EXT 2020"]
[Source "ChessBase"]
[SourceDate "2019.10.17"]
[SourceVersion "1"]
[SourceVersionDate "2019.10.17"]
[SourceQuality "1"]
[WhiteTeam "Turkey U18"]
[BlackTeam "Germany U18"]
[WhiteTeamCountry "TUR"]
[BlackTeamCountry "GER"]

1. d4 Nf6 2. Nf3 e6 3. Bf4 c5 4. e3 Qb6 5. Qc1 Nc6 6. c3 Nh5 7. Bg5 h6 8. Bh4 g5 9. Bg3 Bg7 10. Bd3 Nxg3 11. hxg3 d6 12. Na3 Bd7 13. Nc4 Qc7 14. dxc5 dxc5 15. a4 Na5 16. Qc2 Nxc4 17. Bxc4 a6 18. 0-0 Bc6 19. Nd2 h5 20. Rad1 0-0-0 21. b4 b5 22. axb5 axb5 23. Bd3 h4 24. Be4 hxg3 25. f3 Rh4 26. Rfe1 Rdh8 27. Kf1 g4 28. Bxc6 Qxc6 29. Qe4 Qxe4 30. Nxe4 gxf3 31. gxf3 Rxe4 32. fxe4 Bxc3 33. bxc5 Rh1+ 34. Ke2 Bxe1 35. Kf3 Rg1 36. Rb1 b4 37. e5 Kc7 38. Ke2 g2 39. Kf3 Kc6 40. Rb2 Kxc5 41. Rc2+ Bc3 42. Ke4 Kc4 43. Kf3 b3 44. Rf2 Rf1 45. Kxg2 Rxf2+ 46. Kxf2 b2 47. Ke2 0-1